Key concepts in public health (Record no. 64317)
[ view plain ]
| 000 -LEADER | |
|---|---|
| fixed length control field | 00834nam a2200181 a 4500 |
| 008 - FIXED-LENGTH DATA ELEMENTS--GENERAL INFORMATION | |
| fixed length control field | 130731s2009 ||||||||||||||||| || u |
| 020 ## - INTERNATIONAL STANDARD BOOK NUMBER | |
| International Standard Book Number | 9781412948807 |
| 050 ## - LIBRARY OF CONGRESS CALL NUMBER | |
| Classification number | RA 425 Key |
| 100 ## - MAIN ENTRY--PERSONAL NAME | |
| Personal name | Wilson, Frances |
| 245 10 - TITLE STATEMENT | |
| Title | Key concepts in public health |
| Statement of responsibility, etc. | edited by Frances Wilson and Mzwandile Mabhala |
| 260 ## - PUBLICATION, DISTRIBUTION, ETC. | |
| Place of publication, distribution, etc. | London: |
| Name of publisher, distributor, etc. | SAGE Publications |
| Date of publication, distribution, etc. | 2009 |
| 300 ## - PHYSICAL DESCRIPTION | |
| Extent | xiii, 312p. |
| 490 ## - | |
| -- | SAGE Key Concepts |
| 650 #3 - SUBJECT ADDED ENTRY--TOPICAL TERM | |
| Topical term or geographic name entry element | PUBLIC HEALTH |
| 700 ## - ADDED ENTRY--PERSONAL NAME | |
| Personal name | Mabhala, Mzwandile |
| 995 ## - | |
| -- | MICHAEL CHILUFYA SATA OPEN ACCESS |
| -- | 903181 |
| -- | CBU-SCHOOL OF MEDICINE LIBRARY (Ndola) |
| -- | 60.00 |
| -- | RA 425 Key |
| -- | 2 |
| -- | AVAILABLE |
| -- | Dec 14, 2015 |
| -- | 903181 |
| -- | Medical Library Open Access Collection |
| 995 ## - | |
| -- | MEDICAL LIBRARY OPEN ACCESS |
| -- | 902123 |
| -- | CBU-SCHOOL OF MEDICINE LIBRARY (Ndola) |
| -- | RA 425 Key |
| -- | 1 |
| -- | OUT |
| -- | Aug 21, 2013 |
| -- | 902123 |
| -- | Medical Library Open Access Collection |
| 999 ## - | |
| -- | 64317 |
| -- | 64317 |
| Withdrawn status | Lost status | Source of classification or shelving scheme | Damaged status | Not for loan | Permanent Location | Current Location | Shelving location | Date acquired | Total Checkouts | Full call number | Barcode | Date last seen | Date last checked out | Copy number | Price effective from | Koha item type |
|---|---|---|---|---|---|---|---|---|---|---|---|---|---|---|---|---|
| CBU-MICHAEL CHILUFYA SATA LIBRARY | CBU-SCHOOL OF MEDICINE LIBRARY, NDOLA. | 02/10/2023 | 1 | RA 425 Key | 903181 | 03/30/2026 | 03/06/2026 | 1 | 02/10/2023 | MONOGRAPH | ||||||
| CBU-SCHOOL OF MEDICINE LIBRARY, NDOLA. | CBU-SCHOOL OF MEDICINE LIBRARY, NDOLA. | 02/10/2023 | RA 425 Key | 902123 | 02/10/2023 | 2 | 02/10/2023 | MONOGRAPH |